Statystyki dla Zawodnicy którzy grali z numerem 8 na mundialu w Katarze

Kliknij tutaj aby rozwiązać quiz!

Ogólne statystyki

  • Ten quiz został rozwiązany 3 razy
  • Średni wynik to 7 z 32

Statystyki odpowiedzi

ReprezentacjaZawodnik% Poprawnych
ChorwacjaMateo Kovacić
100%
FrancjaAurelien Tchouameni
50%
PortugaliaBruno Fernandes
50%
PolskaDamian Szymański
50%
BrazyliaFred
50%
AngliaJordan Henderson
50%
HiszpaniaKoke
50%
NiemcyLeon Goretzka
50%
SerbiaNemanja Gudelj
50%
SzwajcariaRemo Freuler
50%
JaponiaRitsu Doan
50%
USAWeston McKennie
50%
BelgiaYouri Tielemans
50%
Arabia SaudyjskaAbdulellah Al-Malki
0%
KatarAli Assadalla
0%
KamerunAndre-Frank Zambo Anguissa
0%
MarokoAzzedine Ounahi
0%
AustraliaBailey Wright
0%
KostarykaBryan Oviedo
0%
EkwadorCarlos Gruezo
0%
MeksykCarlos Rodriguez
0%
SenegalCheikhou Kouyate
0%
HolandiaCody Gakpo
0%
GhanaDaniel-Kofi Kyereh
0%
UrugwajFacundo Pellistri
0%
TunezjaHannibal Mejbri
0%
WaliaHarry Wilson
0%
KanadaLiam Fraser
0%
ArgentynaMarcos Acuna
0%
IranMorteza Puraliganji
0%
KoreaSueng-ho Paik
0%
DaniaThomas Delaney
0%

Rozkład punktacji

Percentyl według liczby udzielonych odpowiedzi

Procent ludzi z każdym wynikiem

Twoja historia wyników

Nie rozwiązałeś tego quizu